Shakespeare, King Lear : (Record no. 4119)
[ view plain ]
| 000 -LEADER | |
|---|---|
| fixed length control field | 00936nam a2200313 a 4500 |
| 001 - CONTROL NUMBER | |
| control field | 4119 |
| 003 - CONTROL NUMBER IDENTIFIER | |
| control field | BD-DhEWU |
| 005 - DATE AND TIME OF LATEST TRANSACTION | |
| control field | 20190312201749.0 |
| 008 - FIXED-LENGTH DATA ELEMENTS--GENERAL INFORMATION | |
| fixed length control field | 920327s1992 enk g 000 0 eng d |
| 020 ## - INTERNATIONAL STANDARD BOOK NUMBER | |
| International Standard Book Number | 9780333533574 |
| International Standard Book Number | 0333533585 (pbk) |
| 035 ## - SYSTEM CONTROL NUMBER | |
| System control number | (OCoLC) 30452214 |
| 040 ## - CATALOGING SOURCE | |
| Original cataloging agency | BD-DhEWU |
| Language of cataloging | eng |
| Transcribing agency | BD-DhEWU |
| 041 ## - LANGUAGE CODE | |
| Language code of text/sound track or separate title | eng |
| 082 04 - DEWEY DECIMAL CLASSIFICATION NUMBER | |
| Edition number | 22 |
| Classification number | 822.33 |
| Item number | SHA 1992 |
| 245 00 - TITLE STATEMENT | |
| Title | Shakespeare, King Lear : |
| Remainder of title | a casebook / |
| Statement of responsibility, etc | edited by Frank Kermode. |
| 250 ## - EDITION STATEMENT | |
| Edition statement | Rev. ed. |
| 260 ## - PUBLICATION, DISTRIBUTION, ETC. (IMPRINT) | |
| Place of publication, distribution, etc | Basingstoke : |
| Name of publisher, distributor, etc | Macmillan, |
| Date of publication, distribution, etc | 1992. |
| 300 ## - PHYSICAL DESCRIPTION | |
| Extent | 307 p. ; |
| Dimensions | 23 cm. |
| 500 ## - GENERAL NOTE | |
| General note | Includes index. |
| 526 ## - STUDY PROGRAM INFORMATION NOTE | |
| Program name | English |
| 590 ## - LOCAL NOTE (RLIN) | |
| Local note | Shaharima Parvin |
| 653 00 - INDEX TERM--UNCONTROLLED | |
| Uncontrolled term | English drama |
| Uncontrolled term | King Lear |
| 700 1# - ADDED ENTRY--PERSONAL NAME | |
| Personal name | Kermode, Frank, |
| Dates associated with a name | 1919-2010. |
| 9 (RLIN) | 12996 |
| 856 42 - ELECTRONIC LOCATION AND ACCESS | |
| Materials specified | WorldCat details |
| Uniform Resource Identifier | http://www.worldcat.org/title/shakespeare-king-lear-a-casebook/oclc/30452214&referer=brief_results |
| 942 ## - ADDED ENTRY ELEMENTS (KOHA) | |
| Source of classification or shelving scheme | Dewey Decimal Classification |
| Koha item type | Text |
| Withdrawn status | Lost status | Source of classification or shelving scheme | Damaged status | Not for loan | Collection code | Home library | Current library | Shelving location | Date acquired | Source of acquisition | Cost, normal purchase price | Total Checkouts | Full call number | Barcode | Copy number | Koha item type |
|---|---|---|---|---|---|---|---|---|---|---|---|---|---|---|---|---|
| Dewey Decimal Classification | Fiction | Dr. S. R. Lasker Library, EWU | Dr. S. R. Lasker Library, EWU | Circulation Section | 24/06/2006 | Friends Book Corner | 655.00 | 822.33 SHA 1992 | 18328 | C-2 | Text | |||||
| Dewey Decimal Classification | Not For Loan | Fiction | Dr. S. R. Lasker Library, EWU | Dr. S. R. Lasker Library, EWU | Reserve Section | 20/06/2005 | Friends Book Corner | 500.00 | 822.33 SHA 1992 | 15397 | C-1 | Text |